Psychiatric community mental health nursing case studies : (Record no. 1131)

MARC details
000 -LEADER
fixed length control field 00761nam a2200205 a 4500
005 - DATE AND TIME OF LATEST TRANSACTION
control field 20260322212048.0
008 - FIXED-LENGTH DATA ELEMENTS--GENERAL INFORMATION
fixed length control field data
010 ## - LIBRARY OF CONGRESS CONTROL NUMBER
LC control number 75-038338
020 ## - INTERNATIONAL STANDARD BOOK NUMBER
International Standard Book Number 0874883911
020 ## - INTERNATIONAL STANDARD BOOK NUMBER
International Standard Book Number 9780874883916
096 ## - LOCALLY ASSIGNED NLM-TYPE CALL NUMBER (OCLC)
Classification number WY 160 P973 1976
001 - CONTROL NUMBER
control field data
245 10 - TITLE STATEMENT
Title Psychiatric community mental health nursing case studies :
Remainder of title 51 case histories related to psychiatric community mental health nursing
Statement of responsibility, etc. Margery M. Chisholm.
260 ## - PUBLICATION, DISTRIBUTION, ETC.
Place of publication, distribution, etc. Flushing, N. Y.
Name of publisher, distributor, etc. Medical Examination Publishing Co.
Date of publication, distribution, etc. c1976
300 ## - PHYSICAL DESCRIPTION
Extent 321 p. ;
Dimensions 22 cm.
650 02 - SUBJECT ADDED ENTRY--TOPICAL TERM
Topical term or geographic name entry element Community Mental Health Services
General subdivision organization & administration
650 02 - SUBJECT ADDED ENTRY--TOPICAL TERM
Topical term or geographic name entry element Psychiatric Nursing
General subdivision organization & administration
650 02 - SUBJECT ADDED ENTRY--TOPICAL TERM
Topical term or geographic name entry element Psychiatric Nursing
Form subdivision problems, exercises, etc.
700 1# - ADDED ENTRY--PERSONAL NAME
Personal name Chisholm, Margery M.
Holdings
Withdrawn status Lost status Damaged status Not for loan Home library Current library Shelving location Date acquired Total checkouts Full call number Barcode Date last seen Price effective from Koha item type
        Franklin Franklin General stacks 22/03/2026   GEN BC0011168 22/03/2026 22/03/2026 Books